Coke… or Pepsi? 🥤 - Statistics

General Stats
  • This quiz has been taken 1,260 times
    277 since last reset
  • The average score is 12 of 18
Answer Stats
Question Answer % Correct
Originally contained cocaine derived from coca leaves Coke
96%
Is served in McDonald's restaurants Coke
90%
Was originally called "Brad's Drink" Pepsi
85%
Is served in Taco Bell, KFC, and Pizza Hut stores Pepsi
85%
Sells more each year in the US Coke
82%
Was introduced earlier Coke
77%
Introduced a clear "Crystal" version in 1992 Pepsi
74%
First to introduce a cherry version Coke
70%
The same parent company as Frito-Lay chips Pepsi
69%
Spokesperson Michael Jackson was burned during the filming of a commercial Pepsi
67%
Claimed to be "The Choice of a New Generation" Pepsi
67%
Introduced a "New" version in 1985 Coke
63%
Has slightly more sugar per can Pepsi
62%
Headquartered in Atlanta Coke
61%
Owns Mountain Dew and Gatorade Pepsi
56%
Was promoted by Max Headroom in the 1980s Coke
55%
First to introduce a diet version Pepsi
36%
Has slightly more caffeine per can Pepsi
29%
No matching quizzes found
Score Distribution
Percent of People with Each Score
Percentile by Number Answered
Your Score History
You have not taken this quiz since the last reset